Técnicas eficaces para conseguir empleo : herramientas informáticas en word y excel /
Guardado en:
| Autor Principal: | |
|---|---|
| Formato: | Libro |
| Publicado: |
Buenos Aires :
Maurina
|
| Materias: | |
| Etiquetas: |
Agregar Etiqueta
Sin Etiquetas, Sea el primero en etiquetar este registro!
|
| LEADER | 01048nam a22002295a 4500 | ||
|---|---|---|---|
| 001 | CEM.cems012693 | ||
| 005 | 20070903163440.0 | ||
| 008 | 130507b######################000#0#####d | ||
| 003 | CEMS | ||
| 020 | |a 9872041601 | ||
| 082 | 0 | 4 | |a 658.311 |
| 100 | 1 | |a Gaito, Horacio | |
| 245 | 1 | 0 | |a Técnicas eficaces para conseguir empleo : |b herramientas informáticas en word y excel / |c Horacio Gaito |
| 260 | |a Buenos Aires : |b Maurina | ||
| 300 | |a 190 p. | ||
| 505 | 0 | |a Plan de desarrollo personal -- El currículum vitae -- La carta de presentación -- La red de contactos y técnicas de entrevistas -- Búsqueda de trabajo por internet -- Principales procesos que se cumplen en una organización en la tarea de selección de personal -- Paradigma de las competencias -- Desarrollo de un autoemprendimiento | |
| 653 | |a Currículum vitae-word | ||
| 653 | |a Currículum vitae-modelos | ||
| 653 | |a Currículum vitae-excel | ||
| 653 | |a Empleo-búsqueda | ||
| 653 | |a Empleo-carta de presentación | ||
| 859 | |a CEMS |b BIB. CEMS - 11 de abril |h 658.311 |i G129 |p 24019.07 |t Ej.1 | ||
